| 000 | 00408nam a2200145Ia 4500 | ||
|---|---|---|---|
| 008 | 240624s9999 xx 000 0 und d | ||
| 041 | _aeng | ||
| 082 | _a658.4038 APP | ||
| 100 | _aAPPLEGATE LYNDA M | ||
| 245 | _aCORPORATE INFORMATION STRATEGY AND MANAGEMENT TEX | ||
| 250 | _a(7th ed.) | ||
| 260 |
_c2007 _aBoston _bMcGraw-Hill International Edition |
||
| 300 | _axi, : 657 : p. : cm. ; 22 | ||
| 365 |
_c _b25 |
||
| 999 |
_c4474 _d4474 |
||